| 000 | 00509nam a2200193Ia 4500 | ||
|---|---|---|---|
| 005 | 20250326124234.0 | ||
| 008 | 250326s9999 xx 000 0 und d | ||
| 037 | _aTextbook | ||
| 040 |
_aFMSL _beng _cFMSL |
||
| 041 |
_aeng _2eng |
||
| 084 |
_aX:512 L5 _qFMSL |
||
| 100 |
_aReid A L _9737064 |
||
| 245 | 0 |
_aModern applied salesmanship _cReid A L |
|
| 250 | _a2 | ||
| 260 |
_aCalifornia _bCalifornia, Goodyear _c1975 |
||
| 300 | _a466p | ||
| 942 |
_cTB _hX:512 L5 |
||
| 999 |
_c1272895 _d1272895 |
||